00942nam a2200229 a 450000100060000000300080000600500170001400800410003103500190007204000350009104100080012608200250013410000230015924501910018226000760037330000360044950200840048550400320056965000300060170000390063170000420067083449BD-RjUL20240324101508.0240324s1997 bg a|||| m||| 00| 0 eng d a(BD-RjUL)83449 aBD-RjULbengcBD-RjULdBD-RjUL aeng 223a530.41bSAS 1997 aSarker, Md. Jaynul10aA Stduy of Electrical and Oftical Properties of thin Cermet Films in the Dielectric Regime /cMd. Jaynul Sarker ;6Supervisor : Azizar Rahman Sarker, Co-Supervisor : Sayeedur Rahman Khan aRajshahi :bApplied Phy. and Electronics, University of Rajshahi,c1997 a4, 142 Leaves :bill, ;c29 cm. aThesis (M. Phil.) -- Applied Phy. and Electronics, University of Rajshahi, 1997 aReferences : Leaves 124-142 aPhysisvSolid Sate Physis aSarker, Azizar Rahman, Supervisor  aKhan, Sayeedur Rahman, Co-Supervisor